Movies Quiz

Random Movies or Mixed Word Quiz

Movie Anagrams Quiz Stats

 Plays Quiz Updated Apr 19, 2018

Also try: Gaming Anagrams II
Challenge
Share
Tweet
Embed
Score 0/30 Timer 06:00
7 Plays Today
Mixed Word Answer % Correct
Characters Tom Hanks has playedWOODY
90.8%
Characters Tom Hanks has playedFORREST GUMP
88.3%
Characters Tom Hanks has playedWALT DISNEY
84.2%
Famous movie settingsBLACK PEARL
80.2%
Films with iconic quotesCITIZEN KANE
77.8%
Top-grossing R moviesPRETTY WOMAN
77.5%
Films with iconic quotesSCARFACE
77.4%
Films with iconic quotesTAXI DRIVER
77.3%
Top-grossing R moviesLOGAN
69.5%
Terminology used in Star WarsWOOKIEE
68.6%
Terminology used in Star WarsDROID
67.7%
Famous movie settingsBATES MOTEL
65.7%
Top-grossing R moviesAMERICAN SNIPER
59.4%
Top-grossing R moviesSAVING PRIVATE RYAN
59.1%
Films with iconic quotesTAKEN
57.5%
Mixed Word Answer % Correct
Famous movie settingsNEVERLAND
51.4%
Characters Tom Hanks has playedCHARLIE WILSON
51.2%
Terminology used in Star WarsPADAWAN
50.3%
Films with iconic quotesTITANIC
49.7%
Top-grossing R moviesDEADPOOL
44.3%
Characters Tom Hanks has playedROBERT LANGDON
42.3%
Famous movie settingsCASABLANCA
42%
Disney/Pixar villainsLADY TREMAINE
33.5%
Terminology used in Star WarsSTORMTROOPER
32.6%
Disney/Pixar villainsSTROMBOLI
29.2%
Terminology used in Star WarsLIGHTSABER
22.9%
Disney/Pixar villainsSKINNER
22.8%
Disney/Pixar villainsCLAYTON
19.7%
Disney/Pixar villainsSYNDROME
9.2%
Famous movie settingsCOLOSSEUM
5.9%

You're not logged in!

Compare scores with friends on all Sporcle quizzes.
OR
Log In

You Might Also Like...

Show Comments

Extras

Top Quizzes Today


Score Distribution

Your Account Isn't Verified!

In order to create a playlist on Sporcle, you need to verify the email address you used during registration. Go to your Sporcle Settings to finish the process.

Report this User

Report this user for behavior that violates our Community Guidelines.

Details: